| 000 | 00615nam a2200181 a 4500 | ||
|---|---|---|---|
| 001 | 1112 | ||
| 005 | 20140414131933.0 | ||
| 008 | 041020s19uu xx 00 eng d | ||
| 020 | _a0-440-21548-X | ||
| 050 |
_aREF 421 _bT91 1993 |
||
| 245 |
_a21st century dictionary of acronyms and abbreviations / _cedited by the Princeton Language Institute ; Diana Ajjan Compiler. |
||
| 260 |
_aNew York : _bDeli Publishing, _c1993. |
||
| 300 | _avii, 368 p. : col. ; cm. | ||
| 500 | _aPrinceton Language Institute. | ||
| 650 |
_aEnglish language _xAcronyms. |
||
| 650 |
_aEnglish language _xAbbreviations. |
||
| 999 |
_c112301 _d112301 |
||